000 00242nam a2200097Ia 4500
001 687860
005 20250826161604.0
008 250824s9999 xx 000 0 und d
245 0 _aMUTLU PRENS
_cOSCAR WILDE
260 _bKARATAY AKADEMİ YAYINLARI
999 _c687860
_d687860